[Event "Titled Tuesday intern op 6th June"]
[Site "Chess.com INT"]
[Date "2020.06.02"]
[Round "2"]
[White "Silva, Kaua Marques"]
[Black "Walder, Michael S"]
[Result "1-0"]
[WhiteElo "2121"]
[BlackElo "1942"]
[PlyCount "39"]
[EventDate "2020.06.02"]
[EventType "swiss (blitz)"]
[EventRounds "10"]
[EventCountry "USA"]
[SourceTitle "CBM 196 Extra"]
[Source "ChessBase"]
[SourceDate "2020.07.31"]
[SourceVersion "1"]
[SourceVersionDate "2020.07.31"]
[SourceQuality "1"]

1. e4 Nf6 2. e5 Nd5 3. d4 d6 4. c4 Nb6 5. exd6 cxd6 6. Nc3 g6 7. h3 Bg7 8. Nf3 0-0 9. Be3 Nc6 10. Be2 Bf5 11. Qd2 d5 12. g4 Be4 13. c5 Bxf3 14. Bxf3 Nc4 15. Qe2 Nxd4 16. Bxd4 Bxd4 17. Nxd5 Nxb2 18. 0-0 Bxc5 19. Qxb2 e6 20. Nf6+ 1-0

[Event "Titled Tuesday intern op 6th June"]
[Site "Chess.com INT"]
[Date "2020.06.02"]
[Round "1"]
[White "Walder, Michael S"]
[Black "Reprintsev, Alexander"]
[Result "0-1"]
[WhiteElo "1942"]
[BlackElo "2353"]
[PlyCount "34"]
[EventDate "2020.06.02"]
[EventType "swiss (blitz)"]
[EventRounds "10"]
[EventCountry "USA"]
[SourceTitle "CBM 196 Extra"]
[Source "ChessBase"]
[SourceDate "2020.07.31"]
[SourceVersion "1"]
[SourceVersionDate "2020.07.31"]
[SourceQuality "1"]

1. e4 d5 2. exd5 Qxd5 3. Nc3 Qa5 4. d4 Nf6 5. Nf3 Nc6 6. d5 Nb4 7. Bb5+ Bd7 8. Bxd7+ Nxd7 9. a3 Nf6 10. axb4 Qxa1 11. 0-0 Qa6 12. Ne5 Rd8 13. Bg5 e6 14. b5 Qd6 15. Nc4 Qc5 16. Qe2 Be7 17. dxe6 Qxg5 0-1

[Event "San Francisco Donaldson-ch"]
[Site "San Francisco"]
[Date "2019.12.21"]
[Round "3"]
[White "Walder, Michael S"]
[Black "Xie, Felix"]
[Result "1-0"]
[WhiteElo "1958"]
[BlackElo "1901"]
[PlyCount "103"]
[EventDate "2019.12.21"]
[EventType "swiss"]
[EventRounds "5"]
[EventCountry "USA"]
[SourceTitle "CBM 194 Extra"]
[Source "ChessBase"]
[SourceDate "2020.03.31"]
[SourceVersion "1"]
[SourceVersionDate "2020.03.31"]
[SourceQuality "1"]

1. c4 Nf6 2. g3 g6 3. Bg2 Bg7 4. Nc3 0-0 5. e3 d6 6. Nge2 Nc6 7. 0-0 e5 8. d3 Be6 9. Nd5 Rb8 10. Rb1 Ne7 11. Nec3 c6 12. Nxe7+ Qxe7 13. e4 Nd7 14. b4 f5 15. exf5 Bxf5 16. Re1 Qf7 17. Be3 Nb6 18. Rc1 Rbd8 19. Qd2 Rfe8 20. b5 d5 21. cxd5 cxd5 22. Bg5 Rc8 23. a4 d4 24. Ne4 Bxe4 25. Bxe4 Nd5 26. Rxc8 Rxc8 27. Qa2 Rc5 28. Bxd5 Qxd5 29. Qxd5+ Rxd5 30. Bd2 Bf8 31. Rc1 Bc5 32. Kg2 Kf7 33. Kf3 Ke6 34. Ke4 Kd6 35. Bh6 Ke6 36. h4 Bb6 37. Rc8 Rd8 38. Rxd8 Bxd8 39. f4 Bf6 40. fxe5 Bxe5 41. g4 Bf6 42. h5 gxh5 43. gxh5 Be5 44. Bf8 b6 45. Ba3 Bg7 46. Bb2 h6 47. Bc1 Kf6 48. Bf4 Bf8 49. Bb8 Bc5 50. Bxa7 Kg5 51. a5 Kxh5 52. Bxb6 1-0

[Event "San Francisco Addison Memorial 19th"]
[Site "San Francisco"]
[Date "2019.06.21"]
[Round "1"]
[White "Winslow, Elliott C"]
[Black "Walder, Michael S"]
[Result "0-1"]
[WhiteElo "2175"]
[BlackElo "1893"]
[PlyCount "82"]
[EventDate "2019.06.21"]
[EventType "swiss"]
[EventRounds "5"]
[EventCountry "USA"]
[SourceTitle "CBM 191 Extra"]
[Source "ChessBase"]
[SourceDate "2019.09.30"]
[SourceVersion "1"]
[SourceVersionDate "2019.09.30"]
[SourceQuality "1"]

1. e4 c5 2. Nf3 d6 3. d4 cxd4 4. Qxd4 a6 5. Be3 Bg4 6. Nc3 Nf6 7. Be2 e6 8. 0-0-0 Nc6 9. Qd2 Qc7 10. Nd4 Bxe2 11. Qxe2 Be7 12. g4 b5 13. g5 Nd7 14. Qh5 g6 15. Qh3 b4 16. Nce2 e5 17. Nxc6 Qxc6 18. Qf3 0-0 19. Kb1 a5 20. Rd3 f5 21. gxf6 Nxf6 22. Ng3 Nh5 23. Qg4 Nf4 24. Bxf4 exf4 25. Qe6+ Rf7 26. Ne2 Rc8 27. Nd4 Qc4 28. Qxc4 Rxc4 29. f3 Rc5 30. a4 Rh5 31. Nc6 Bf8 32. Rd5 Rh3 33. Rf1 Rc7 34. Nxa5 Rxh2 35. Rc1 Rf2 36. Rd3 Ra7 37. Nc6 Rxa4 38. c3 bxc3 39. Rcxc3 Bg7 40. Rb3 Rf1+ 41. Kc2 Rc4+ 0-1

[Event "San Francisco TNM Fall op"]
[Site "San Francisco"]
[Date "2017.11.28"]
[Round "6"]
[White "Walder, Michael S"]
[Black "Diaz, Conrado"]
[Result "0-1"]
[WhiteElo "1971"]
[BlackElo "2261"]
[PlyCount "81"]
[EventDate "2017.10.24"]
[EventType "swiss"]
[EventRounds "9"]
[EventCountry "USA"]
[SourceTitle "EXT 2023"]
[Source "ChessBase"]
[SourceDate "2022.10.05"]
[SourceVersion "1"]
[SourceVersionDate "2022.10.05"]
[SourceQuality "1"]

1. c4 Nf6 2. g3 c6 3. Nf3 d5 4. Bg2 Bg4 5. Ne5 Be6 6. Qb3 Qc7 7. d3 Nbd7 8. Nxd7 Qxd7 9. Nc3 dxc4 10. dxc4 g6 11. Bf4 Bg7 12. 0-0 0-0 13. Rfd1 Qc8 14. Qb4 Re8 15. Rac1 a5 16. Qa4 Bh3 17. Bh1 Ng4 18. f3 Ne5 19. c5 Be6 20. Qc2 Qc7 21. Na4 h6 22. b3 g5 23. Bd2 Nd7 24. Bc3 Be5 25. e3 Bxc3 26. Qxc3 Rad8 27. Bg2 Nf6 28. e4 Rxd1+ 29. Rxd1 Nd7 30. Bf1 Rf8 31. Qe3 Nf6 32. Be2 Rd8 33. Rd4 Rxd4 34. Qxd4 Kg7 35. Kf2 Kg8 36. Nb6 Bh3 37. Bc4 Ne8 38. Ke3 Ng7 39. f4 Kf8 40. Qd1 gxf4+ 41. gxf4 0-1

[Event "San Francisco TNM Summer op"]
[Site "San Francisco"]
[Date "2017.06.20"]
[Round "5"]
[White "Stearman, Josiah P"]
[Black "Walder, Michael S"]
[Result "1-0"]
[WhiteElo "2154"]
[BlackElo "2001"]
[PlyCount "53"]
[EventDate "2017.05.23"]
[EventType "swiss"]
[EventRounds "8"]
[EventCountry "USA"]
[SourceTitle "EXT 2023"]
[Source "ChessBase"]
[SourceDate "2022.10.05"]
[SourceVersion "1"]
[SourceVersionDate "2022.10.05"]
[SourceQuality "1"]

1. e4 d6 2. d4 Nf6 3. Nc3 g6 4. f4 Bg7 5. Nf3 0-0 6. Be2 c5 7. dxc5 Qa5 8. 0-0 Qxc5+ 9. Kh1 Bg4 10. h3 Bxf3 11. Rxf3 Nc6 12. Be3 Qa5 13. Bf2 Rfc8 14. a3 Qd8 15. Qg1 Nd7 16. Rd1 h6 17. g4 g5 18. h4 gxf4 19. g5 Kh7 20. Rxf4 Nde5 21. Bh5 hxg5 22. hxg5 Kg8 23. Nd5 Ng6 24. Bxg6 fxg6 25. Qg4 Be5 26. Qe6+ Kh8 27. Qf7 1-0

[Event "San Francisco TNM Summer op"]
[Site "San Francisco"]
[Date "2017.05.30"]
[Round "2"]
[White "Walder, Michael S"]
[Black "Rakonitz, David"]
[Result "1-0"]
[WhiteElo "2001"]
[BlackElo "1750"]
[PlyCount "83"]
[EventDate "2017.05.23"]
[EventType "swiss"]
[EventRounds "8"]
[EventCountry "USA"]
[SourceTitle "EXT 2023"]
[Source "ChessBase"]
[SourceDate "2022.10.05"]
[SourceVersion "1"]
[SourceVersionDate "2022.10.05"]
[SourceQuality "1"]

1. e4 e6 2. d4 d5 3. Nc3 Bb4 4. e5 c5 5. a3 Bxc3+ 6. bxc3 Qa5 7. Bd2 Qa4 8. Qg4 Kf8 9. Kd1 b6 10. Ne2 Ba6 11. Nf4 Qd7 12. Bxa6 Nxa6 13. Nh5 g6 14. Nf6 Nxf6 15. Bh6+ Ke8 16. exf6 Qb5 17. Re1 Kd7 18. Kd2 Rac8 19. Qe2 Qa5 20. a4 Nc7 21. Qe5 cxd4 22. Ke2 Qxc3 23. Kf1 Na6 24. Bf4 Qc7 25. Qg5 Qc3 26. Rad1 h6 27. Qh4 g5 28. Qh5 Rh7 29. Be5 Qc4+ 30. Kg1 Nb8 31. Rxd4 Qxc2 32. Qg4 Kc6 33. Rxd5 Kb7 34. Rd6 Qf5 35. Qd1 Rhh8 36. a5 Qc2 37. Qf3+ Ka6 38. axb6 axb6 39. Ra1+ Kb5 40. Rdd1 Na6 41. Rdb1+ Nb4 42. Bd6 1-0

[Event "San Francisco TNM Spring op"]
[Site "San Francisco"]
[Date "2017.03.14"]
[Round "1"]
[White "Walder, Michael S"]
[Black "Chan, John"]
[Result "1-0"]
[WhiteElo "2000"]
[BlackElo "1551"]
[PlyCount "75"]
[EventDate "2017.03.14"]
[EventType "swiss"]
[EventRounds "8"]
[EventCountry "USA"]
[SourceTitle "EXT 2023"]
[Source "ChessBase"]
[SourceDate "2022.10.05"]
[SourceVersion "1"]
[SourceVersionDate "2022.10.05"]
[SourceQuality "1"]

1. c4 Nf6 2. g3 c6 3. Bg2 e5 4. Nf3 d6 5. 0-0 h6 6. Nc3 Be6 7. b3 Nbd7 8. Bb2 Be7 9. e3 0-0 10. d3 Qc7 11. Rc1 Rad8 12. h3 Qb8 13. Nh2 a6 14. f4 exf4 15. exf4 Bf5 16. g4 Bh7 17. Re1 Nc5 18. f5 Rfe8 19. d4 Ncd7 20. h4 d5 21. g5 hxg5 22. hxg5 Ne4 23. Nxe4 dxe4 24. Qg4 Bd6 25. Nf1 Bf4 26. Rc2 e3 27. g6 fxg6 28. fxg6 Bxg6 29. Qxg6 Nf8 30. Qg4 Re6 31. d5 Rg6 32. Qf3 Rh6 33. Nxe3 Bh2+ 34. Kf1 Ng6 35. Nf5 Rh7 36. Rf2 Ne5 37. Bxe5 Bxe5 38. Ne7+ 1-0

[Event "San Francisco TNM Winter op"]
[Site "San Francisco"]
[Date "2017.01.24"]
[Round "4"]
[White "Diaz, Conrado"]
[Black "Walder, Michael S"]
[Result "1-0"]
[WhiteElo "2237"]
[BlackElo "1998"]
[PlyCount "59"]
[EventDate "2017.01.03"]
[EventType "swiss"]
[EventRounds "8"]
[EventCountry "USA"]
[SourceTitle "EXT 2018"]
[Source "ChessBase"]
[SourceDate "2017.10.13"]
[SourceVersion "1"]
[SourceVersionDate "2017.10.13"]
[SourceQuality "1"]

1. d4 Nf6 2. Nf3 g6 3. Bg5 Bg7 4. Nbd2 0-0 5. e4 d6 6. c3 c5 7. dxc5 dxc5 8. Bc4 Nc6 9. Qe2 Qc7 10. h3 Na5 11. Bd3 Be6 12. 0-0 c4 13. Bc2 Rad8 14. Nd4 Rxd4 15. cxd4 c3 16. bxc3 Qxc3 17. Qd3 Rc8 18. Qxc3 Rxc3 19. Rfc1 Nh5 20. Nf3 Nc4 21. Bb3 Rxf3 22. gxf3 Bxd4 23. Bxc4 Bxc4 24. Rab1 Ba6 25. Rc7 Bb6 26. Rxe7 Kf8 27. Rd7 Ng3 28. Bf6 Ne2+ 29. Kh2 Nf4 30. Rxb6 1-0

[Event "San Francisco Benson Memorial"]
[Site "San Francisco"]
[Date "2016.08.02"]
[Round "1"]
[White "Walder, Michael S"]
[Black "Weingarten, Daniel P"]
[Result "1-0"]
[WhiteElo "2090"]
[BlackElo "1593"]
[PlyCount "95"]
[EventDate "2016.08.02"]
[EventType "swiss"]
[EventRounds "9"]
[EventCountry "USA"]
[SourceTitle "EXT 2018"]
[Source "ChessBase"]
[SourceDate "2017.10.13"]
[SourceVersion "1"]
[SourceVersionDate "2017.10.13"]
[SourceQuality "1"]

1. c4 c5 2. g3 Nc6 3. Bg2 d6 4. Nf3 Nf6 5. 0-0 g6 6. d4 cxd4 7. Nxd4 Bd7 8. Nc3 Bg7 9. e3 0-0 10. b3 Rb8 11. Bb2 Qc8 12. Rc1 Bh3 13. Nd5 Bxg2 14. Kxg2 Qd7 15. Nxc6 Qxc6 16. Kg1 Nxd5 17. cxd5 Qd7 18. Bxg7 Kxg7 19. Qd4+ Kg8 20. Qxa7 Ra8 21. Qb6 Ra6 22. Qc7 Rd8 23. a4 Raa8 24. Qxd7 Rxd7 25. Rc4 Ra5 26. e4 b6 27. Rfc1 Rc5 28. Kf1 Ra7 29. Ke2 Kg7 30. Kd3 f6 31. R1c3 Kf7 32. h4 h6 33. f3 Ke8 34. b4 Rxc4 35. Kxc4 Rxa4 36. Kb5 Ra8 37. Kxb6 Rb8+ 38. Ka5 Ra8+ 39. Kb5 Rb8+ 40. Kc4 Kd7 41. b5 Kc7 42. Kb4+ Kb7 43. Rc6 Rd8 44. b6 Rd7 45. Kb5 g5 46. h5 Kb8 47. Rc3 Kb7 48. Ra3 1-0

[Event "San Francisco TNM Summer op"]
[Site "San Francisco"]
[Date "2016.07.12"]
[Round "8"]
[White "Walder, Michael S"]
[Black "Harmon, Frederick G"]
[Result "1-0"]
[WhiteElo "2128"]
[BlackElo "1766"]
[PlyCount "67"]
[EventDate "2016.05.24"]
[EventType "swiss"]
[EventRounds "8"]
[EventCountry "USA"]
[SourceTitle "EXT 2018"]
[Source "ChessBase"]
[SourceDate "2017.10.13"]
[SourceVersion "1"]
[SourceVersionDate "2017.10.13"]
[SourceQuality "1"]

1. d4 d5 2. c4 c6 3. Nf3 Bf5 4. Nc3 Nf6 5. Qb3 Qb6 6. c5 Qxb3 7. axb3 Na6 8. Bf4 Nb4 9. Ra4 a5 10. Bc7 Ng4 11. e3 Bd3 12. h3 Bxf1 13. Rxf1 Nf6 14. Rxa5 Rxa5 15. Bxa5 Na6 16. Ke2 Nd7 17. Ra1 e5 18. b4 e4 19. Nd2 Nab8 20. b5 Be7 21. Bc7 Bd8 22. Bxb8 Nxb8 23. Ra8 Nd7 24. bxc6 bxc6 25. Rc8 0-0 26. Rxc6 Nf6 27. b4 Re8 28. Rc8 Kf8 29. Nb3 Ke7 30. Ra8 Ke6 31. b5 Bc7 32. Ra6+ Kd7 33. Ra7 Kc8 34. b6 1-0

[Event "San Francisco TNM Summer op"]
[Site "San Francisco"]
[Date "2016.06.28"]
[Round "6"]
[White "Walder, Michael S"]
[Black "Andries, Craig"]
[Result "0-1"]
[WhiteElo "2128"]
[BlackElo "1862"]
[PlyCount "74"]
[EventDate "2016.05.24"]
[EventType "swiss"]
[EventRounds "8"]
[EventCountry "USA"]
[SourceTitle "EXT 2018"]
[Source "ChessBase"]
[SourceDate "2017.10.13"]
[SourceVersion "1"]
[SourceVersionDate "2017.10.13"]
[SourceQuality "1"]

1. c4 Nf6 2. g3 g6 3. Bg2 Bg7 4. Nf3 0-0 5. 0-0 d6 6. d4 Nc6 7. Nc3 e5 8. d5 Na5 9. Nd2 c5 10. Qc2 Bf5 11. e4 Bd7 12. a3 b6 13. b4 Nb7 14. Nb3 cxb4 15. axb4 Qc7 16. c5 dxc5 17. bxc5 Nxc5 18. Nxc5 Qxc5 19. Ba3 Qc7 20. Bxf8 Bxf8 21. Qb3 Bc5 22. Nb5 Qb8 23. Rfc1 a5 24. Bf1 Nxe4 25. Bg2 Bxf2+ 26. Kh1 Nc5 27. Qf3 Bxb5 28. Qxf2 Qd6 29. Rab1 Bd3 30. Rb2 a4 31. Qe3 e4 32. Qd4 a3 33. Rb4 a2 34. Qb2 b5 35. Rd4 Bb1 36. Rxb1 axb1Q+ 37. Qxb1 Qf6 0-1

[Event "San Francisco TNM Summer op"]
[Site "San Francisco"]
[Date "2016.06.14"]
[Round "4"]
[White "Winslow, Elliott C"]
[Black "Walder, Michael S"]
[Result "1-0"]
[WhiteElo "2330"]
[BlackElo "2128"]
[PlyCount "77"]
[EventDate "2016.05.24"]
[EventType "swiss"]
[EventRounds "8"]
[EventCountry "USA"]
[SourceTitle "EXT 2018"]
[Source "ChessBase"]
[SourceDate "2017.10.13"]
[SourceVersion "1"]
[SourceVersionDate "2017.10.13"]
[SourceQuality "1"]

1. e4 e6 2. d4 d5 3. Nd2 c5 4. Ngf3 Nc6 5. exd5 exd5 6. Bb5 Bd6 7. dxc5 Bxc5 8. 0-0 Nge7 9. Nb3 Bd6 10. Bxc6+ bxc6 11. Qd4 0-0 12. Bf4 Nf5 13. Qd2 Qf6 14. Bxd6 Qxd6 15. Qc3 Rb8 16. Rfd1 Re8 17. Nfd4 Rb6 18. Re1 Re4 19. f3 Re7 20. Rxe7 Nxe7 21. Re1 h6 22. a4 Bd7 23. Nc5 Nf5 24. a5 Rb8 25. b4 Nxd4 26. Qxd4 Bf5 27. c3 Qg6 28. g4 Bc2 29. Re7 Qg5 30. Re2 Bg6 31. Kg2 h5 32. h3 hxg4 33. hxg4 Qh4 34. Nd7 Rd8 35. Ne5 Rd6 36. Qxa7 Re6 37. Qf2 Qe7 38. Nxg6 fxg6 39. Rxe6 1-0

[Event "San Francisco TNM Summer op"]
[Site "San Francisco"]
[Date "2016.05.31"]
[Round "2"]
[White "Kim, Isaiah T"]
[Black "Walder, Michael S"]
[Result "0-1"]
[WhiteElo "1836"]
[BlackElo "2128"]
[PlyCount "82"]
[EventDate "2016.05.24"]
[EventType "swiss"]
[EventRounds "8"]
[EventCountry "USA"]
[SourceTitle "EXT 2018"]
[Source "ChessBase"]
[SourceDate "2017.10.13"]
[SourceVersion "1"]
[SourceVersionDate "2017.10.13"]
[SourceQuality "1"]

1. d4 Nf6 2. c4 e6 3. Nc3 Bb4 4. e3 c5 5. Nge2 cxd4 6. exd4 0-0 7. a3 Be7 8. g3 d5 9. cxd5 Nxd5 10. Bg2 Nc6 11. Nxd5 exd5 12. Nc3 Bf6 13. 0-0 Be6 14. Be3 Rc8 15. Rc1 Ne7 16. Qd3 Qd7 17. Qb5 Rc6 18. Qa5 b6 19. Qb5 Rfc8 20. Qd3 Nf5 21. Ne2 Nxe3 22. Qxe3 g6 23. Rxc6 Rxc6 24. Rc1 Rxc1+ 25. Qxc1 Qa4 26. b4 a5 27. Nc3 Qc6 28. Qd2 axb4 29. axb4 Qc4 30. Ne2 Be7 31. Nf4 Qxb4 32. Qxb4 Bxb4 33. Nxe6 fxe6 34. Bf1 Kf7 35. f4 Bc3 36. Kf2 Bxd4+ 37. Kf3 Ke7 38. g4 Kf6 39. f5 gxf5 40. gxf5 e5 41. Kg4 e4 0-1

[Event "San Francisco TNM Winter op"]
[Site "San Francisco"]
[Date "2016.01.26"]
[Round "4"]
[White "Critelli, James M"]
[Black "Walder, Michael S"]
[Result "1-0"]
[WhiteElo "2366"]
[BlackElo "2123"]
[PlyCount "49"]
[EventDate "2016.01.05"]
[EventType "swiss"]
[EventRounds "8"]
[EventCountry "USA"]
[SourceTitle "EXT 2018"]
[Source "ChessBase"]
[SourceDate "2017.10.13"]
[SourceVersion "1"]
[SourceVersionDate "2017.10.13"]
[SourceQuality "1"]

1. e4 c5 2. Nf3 d6 3. d4 cxd4 4. Nxd4 Nf6 5. Nc3 a6 6. f4 e6 7. Bd3 Be7 8. Qe2 0-0 9. Bd2 Nc6 10. Nb3 Qc7 11. 0-0 b5 12. a4 b4 13. Nd1 e5 14. f5 d5 15. Nf2 Bb7 16. exd5 Nxd5 17. Ne4 f6 18. Qh5 Nd4 19. Nxd4 exd4 20. Rf3 Ne3 21. Rh3 h6 22. Qg6 Bc8 23. Bxe3 dxe3 24. b3 Qf4 25. Rg3 1-0

[Event "San Francisco TNM Winter op"]
[Site "San Francisco"]
[Date "2016.01.19"]
[Round "3"]
[White "Walder, Michael S"]
[Black "Nelson, Christopher"]
[Result "1-0"]
[WhiteElo "2123"]
[BlackElo "1732"]
[PlyCount "83"]
[EventDate "2016.01.05"]
[EventType "swiss"]
[EventRounds "8"]
[EventCountry "USA"]
[SourceTitle "EXT 2018"]
[Source "ChessBase"]
[SourceDate "2017.10.13"]
[SourceVersion "1"]
[SourceVersionDate "2017.10.13"]
[SourceQuality "1"]

1. c4 f5 2. g3 Nf6 3. Bg2 e6 4. Nf3 Be7 5. 0-0 0-0 6. Nc3 d5 7. d3 c6 8. e4 fxe4 9. dxe4 Nxe4 10. Nxe4 dxe4 11. Qxd8 Rxd8 12. Ng5 e5 13. Nxe4 Be6 14. b3 h6 15. Bb2 Nd7 16. Rad1 Rf8 17. Nd6 Bxd6 18. Rxd6 Rae8 19. Re1 Bf5 20. h3 Nc5 21. Rxe5 Rxe5 22. Bxe5 Nd3 23. Bd4 Re8 24. g4 Re1+ 25. Kh2 Bh7 26. Rd7 Kf8 27. Rxb7 Nf4 28. Bxg7+ Kg8 29. Bxc6 Re2 30. Bd4 Be4 31. Bxe4 Rxe4 32. Be3 Ng6 33. Bxh6 Ne5 34. Rxa7 Nf7 35. Be3 Kg7 36. a4 Re6 37. a5 Kg6 38. Rb7 Ne5 39. Rb6 Nf3+ 40. Kg3 Rxb6 41. axb6 Ne5 42. b7 1-0